• 首页
  • 本馆介绍
  • 公告通知
  • 最新文献
  • 馆藏检索
  • 电子资源
  • 读者导购
  • 参考咨询
  • 我的图书馆
  • 登录
  • 详细信息显示
  • 放入我的书架
  • 预约/预借图书
  • 作者相关作品
  • 分类相关作品
  • 丛书相关作品
  • 出版社相关作品

书目信息

  • 表格格式
  • 工作单格式
  • 卡片格式
题名:
小学教育科学研究
    
 
作者: ;全国高等教育自学考试指导委员会组 编
分册:  
出版信息: 北京   北京师范大学出版社  2001
页数: 342页
开本: 20cm
丛书名:
单 册:
中图分类: G620
科图分类:
主题词: 教育--各级
电子资源:
ISBN: 7-303-04851-0
000 00907nam0 2200217 450
001 0662467952
005 20061011172303.20
010    @a7-303-04851-0@dCNY16.30
100    @a20061011d2001 km y0chiy0120 ea
101 0  @achi
102    @aCN@b110000
200 1  @a小学教育科学研究@Axiao xue jiao yu ke xue yan jiu@e附:小学教育科学研究自学考试大纲@f全国高等教育自学考试指导委员会组编@Fquan guo gao deng jiao yu zi xue kao shi zhi dao wei yuan hui zu bian
210    @a北京@c北京师范大学出版社@d2001
215    @a342页@d20cm
300    @a全国高等教育自学考试指定教材小学教育专业(专科)
517 1  @a附:小学教育科学研究自学考试大纲@Afu:xiao xue jiao yu ke xue yan jiu zi xue kao shi da gang
606 0  @a教育@x各级
690    @aG620@v3
711  0 @a全国高等教育自学考试指导委员会组@Aquan guo gao deng jiao yu zi xue kao shi zhi dao wei yuan hui zu@4编
801  0 @aCN@bPFT@c20061011
905    @a10447@dG620@e232
    
    小学教育科学研究:附:小学教育科学研究自学考试大纲/全国高等教育自学考试指导委员会组编.-北京:北京师范大学出版社,2001
    342页;20cm
    全国高等教育自学考试指定教材小学教育专业(专科)
    
    ISBN 7-303-04851-0:CNY16.30
    
●
相关链接 在E读中查询图书 在五车中查询图书 在当当中查询图书 在豆瓣中查询图书


正题名:小学教育科学研究     索取号:G620/232         预约/预借

序号 登录号 条形码 馆藏地/架位号 状态 备注
1 0501599   205015990   密集书库/ [索取号:G620/232] 在馆    
唐山师范学院图书馆 欢迎您!
大连网信软件有限公司© 版权所有